| 000 | 00995 a2200265 4500 | ||
|---|---|---|---|
| 001 | 200001640 | ||
| 650 | 0 | 0 |
_9115459 _aChange (Psychology) |
| 999 |
_c200001640 _d24988 |
||
| 003 | TR-AnTOB | ||
| 005 | 20190408215820.0 | ||
| 008 | 100811s 201 nyu 000 0 | ||
| 020 | _a780385528757 | ||
| 041 | 0 | _aeng | |
| 050 | 0 | 0 |
_aBF637.C4 _bH43 2010 |
| 090 | _aBF637.C4 H43 2010 | ||
| 100 | 1 |
_aHeath, Chip _970157 |
|
| 245 | 1 | 0 |
_aSwitch : _bhow to change things when change is hard / _cChip Heath and Dan Heath. |
| 264 | 1 |
_aNew York : _bBroadway Books, _c2010. |
|
| 300 |
_a305 p. ; _c22 cm. |
||
| 504 | _aIncludes bibliographical references (p. [267]-292) and index. | ||
| 505 | 0 | 0 | _aThree surprises about change -- Find the bright spots -- Script the critical moves -- Point to the destination -- Find the feeling -- Shrink the change -- Grow your people -- Tweak the environment -- Build habits -- Rally the herd -- Keep the switch going. |
| 700 | 0 |
_aHeath, Dan, _d1973- _970158 |
|
| 942 | _cBK | ||